00555nam a2200145 a 4500008004100000050001700041100001800058245011900076260006000195300002600255490004000281490001700321500001700338650005400355121211s1996 ||||||||||||||||| || u aPAPERS/STAFF aSiziya, Seter10aMaternal risk factors for childhood malnutrition in the Mazowe district of Zimbabwecby Seter Siziya; [and others] aLusaka:bUniversity of Zambia, School of Medicinec1996 ap. 240 - p. 244: ill. aCentral African Journal of Medicine vVol.42, No.8 aBibliography aCHILDHOOD MALNUTRITION--MAZOWE DISTRICT, ZIMBABWE